000 00935nam a22001937a 4500
999 _c63903
_d63903
003 Ge_BSU
005 20260217120659.0
008 260217s1968 ge ||||| |||| 00| 0 geo d
041 _ageo
080 _a141.824 : 316.323.72 ე-83
100 _aესაიაშვილი, ვ.
_926902
245 _aსოციალიზმიდან კომუნიზმზე გადასვლის კანონზომიერებათა შესახებ /
_cვ. ესაიაშვილი.
264 _aთბილისი :
_b საქ. კპ ცკ-ს გამ-ბა,
_c1963.
300 _a125 გვ. ;
_b 19 სმ.
653 _aსოციალისტური საზოგადოება
653 _aკომუნისტური საზოგადოება
653 _aისტორიული მატერიალიზმი
942 _2udc
_cᲬᲘᲒᲜᲘ